[Event "Junior Online 4NCL Division 3"]
[Site "online"]
[Date "2020.11.12"]
[Round "7.112"]
[White "Tran, Joseph"]
[Black "Syed, Adeeb"]
[Result "1-0"]
[WhiteElo "1337"]
[BlackElo "797"]
[PlyCount "55"]
[EventDate "2020.11.12"]
[WhiteTeam "Surbiton Juniors B"]
[BlackTeam "Leicestershire Juniors 6"]

1. e4 e5 2. Nf3 Nc6 3. Bc4 Bc5 4. c3 Nf6 5. d4 exd4 6. e5 Ng4 7. cxd4 Nxd4 8.
Nxd4 Bb4+ 9. Nc3 Nxe5 10. Qe2 Qe7 11. Bb3 O-O 12. Nf3 d6 13. Nxe5 dxe5 14. O-O
Qf6 15. Nd5 Qg6 16. Nxb4 Bh3 17. Qf3 e4 18. Qxh3 Rae8 19. Qg3 Qh5 20. Nd5 Re5
21. Nf6+ Kh8 22. Nxh5 Rxh5 23. Bd1 Rc5 24. b3 g6 25. Bb2+ Kg8 26. Qe3 Rc6 27.
Qd4 Rb8 28. Qg7# 1-0

[Event "Junior Online 4NCL Division 3"]
[Site "online"]
[Date "2020.11.12"]
[Round "7.113"]
[White "Das, Aman"]
[Black "Sheftel, Sam"]
[Result "0-1"]
[WhiteElo "850"]
[BlackElo "1300"]
[PlyCount "50"]
[EventDate "2020.11.12"]
[WhiteTeam "Leicestershire Juniors 6"]
[BlackTeam "Surbiton Juniors B"]

1. e4 e5 2. Nf3 Nc6 3. Bc4 Bc5 4. O-O Nf6 5. d3 d6 6. Nc3 O-O 7. Qe1 a6 8. Be3
Bxe3 9. Qxe3 b5 10. Bd5 Nxd5 11. Nxd5 Be6 12. Nc3 Bg4 13. Nd5 Bxf3 14. Qxf3 Nd4
15. Qe3 Nxc2 16. Nf6+ Qxf6 17. Qg3 Nxa1 18. Rxa1 a5 19. b3 a4 20. bxa4 bxa4 21.
Rb1 Rab8 22. Rxb8 Rxb8 23. Kf1 Qe6 24. h4 Qxa2 25. h5 Rb1# 0-1

[Event "Junior Online 4NCL Division 3"]
[Site "online"]
[Date "2020.11.12"]
[Round "7.114"]
[White "Morrison, Matthew"]
[Black "Gadhia, Sathya"]
[Result "1-0"]
[WhiteElo "1285"]
[BlackElo "812"]
[PlyCount "39"]
[EventDate "2020.11.12"]
[WhiteTeam "Surbiton Juniors B"]
[BlackTeam "Leicestershire Juniors 6"]

1. d4 Nc6 2. Nf3 Nf6 3. c4 d6 4. Nc3 Bg4 5. e3 Bxf3 6. Qxf3 d5 7. Bd2 dxc4 8.
Bxc4 e6 9. O-O Bb4 10. h3 O-O 11. a3 Bxc3 12. Bxc3 Nxd4 13. Bxd4 Qd7 14. Bxf6
gxf6 15. Qxf6 Rad8 16. Bb3 Rfe8 17. Rac1 Re7 18. Rc4 b6 19. Rg4+ Kf8 20. Qh8#
1-0

[Event "Junior Online 4NCL Division 3"]
[Site "online"]
[Date "2020.11.12"]
[Round "7.116"]
[White "Syed, Adeeb"]
[Black "Tran, Joseph"]
[Result "0-1"]
[WhiteElo "797"]
[BlackElo "1337"]
[PlyCount "54"]
[EventDate "2020.11.12"]
[WhiteTeam "Leicestershire Juniors 6"]
[BlackTeam "Surbiton Juniors B"]

1. e4 e5 2. Nf3 Nc6 3. Bc4 Bc5 4. O-O Nf6 5. Ng5 O-O 6. c3 h6 7. Nf3 Nxe4 8. d4
exd4 9. cxd4 Be7 10. d5 Nb8 11. Qd3 Nf6 12. Ne5 d6 13. Nf3 Bg4 14. Bb3 Bxf3 15.
Bc2 Be4 16. Qd2 Bxc2 17. Qxc2 Nxd5 18. Rd1 c6 19. Nc3 Nxc3 20. Qxc3 Bf6 21. Qg3
Re8 22. Bxh6 Bxb2 23. Qg4 Bxa1 24. Rxa1 Qf6 25. Bg5 Qxa1+ 26. Bc1 Qxc1+ 27. Qd1
Qxd1# 0-1

[Event "Junior Online 4NCL Division 3"]
[Site "online"]
[Date "2020.11.12"]
[Round "7.117"]
[White "Sheftel, Sam"]
[Black "Das, Aman"]
[Result "1-0"]
[WhiteElo "1300"]
[BlackElo "850"]
[PlyCount "43"]
[EventDate "2020.11.12"]
[WhiteTeam "Surbiton Juniors B"]
[BlackTeam "Leicestershire Juniors 6"]

1. e4 c5 2. Bc4 Nc6 3. Nf3 e6 4. O-O Nf6 5. h3 d5 6. exd5 exd5 7. Bb5 Qd6 8.
Bxc6+ Qxc6 9. d3 Qe6 10. Re1 Bd6 11. Rxe6+ Bxe6 12. Bg5 Nh5 13. g4 Ng3 14. fxg3
Bxg3 15. Kg2 Bf4 16. Bxf4 O-O-O 17. Be5 Bxg4 18. hxg4 Rd6 19. Bxd6 Re8 20. Nc3
Re7 21. Bxe7 c4 22. Nxd5 1-0

[Event "Junior Online 4NCL Division 3"]
[Site "online"]
[Date "2020.11.12"]
[Round "7.118"]
[White "Gadhia, Sathya"]
[Black "Morrison, Matthew"]
[Result "0-1"]
[WhiteElo "812"]
[BlackElo "1285"]
[PlyCount "42"]
[EventDate "2020.11.12"]
[WhiteTeam "Leicestershire Juniors 6"]
[BlackTeam "Surbiton Juniors B"]

1. Nf3 d5 2. Nc3 Nf6 3. e3 Nc6 4. Bb5 Bd7 5. Bxc6 Bxc6 6. d4 e6 7. e4 dxe4 8.
Nxe4 Bxe4 9. O-O Bxf3 10. Qxf3 Qxd4 11. Qe3 Qh4 12. g3 Qh5 13. Qe5 Qxe5 14. f4
Qc5+ 15. Kg2 Qd5+ 16. Rf3 Bc5 17. Be3 Bxe3 18. f5 Qd2+ 19. Rf2 Qxf2+ 20. Kh3
Qxf5+ 21. g4 Qxg4# 0-1

[Event "Junior Online 4NCL Division 3"]
[Site "online"]
[Date "2020.11.12"]
[Round "7.121"]
[White "Tang, Brian"]
[Black "Omoruyi, Jaden"]
[Result "0-1"]
[WhiteElo "1577"]
[BlackElo "1315"]
[PlyCount "90"]
[EventDate "2020.11.12"]
[WhiteTeam "Surrey Kings 1"]
[BlackTeam "Brentwood School B"]

1. e4 e5 2. Nf3 Nc6 3. Bb5 Bc5 4. O-O Nf6 5. d3 O-O 6. Bg5 Re8 7. c3 a6 8. Ba4
b5 9. Bc2 a5 10. d4 Bb6 11. d5 Nb8 12. Nbd2 Bb7 13. Re1 c6 14. d6 Bc5 15. Nb3
Bb6 16. a4 Re6 17. Qd3 Kf8 18. Re2 b4 19. c4 c5 20. Nbd2 Ba7 21. Nf1 Qb6 22.
Rd1 Ne8 23. Be7+ Kg8 24. Ne3 Nc6 25. Nd5 Qa6 26. Ng5 Rg6 27. Qf3 f6 28. Nh3 Bb8
29. Qf5 Bc8 30. Red2 Bxd6 31. Bxd6 Nxd6 32. Qf3 Nd4 33. Qe3 Nxc4 34. Qd3 Rb8
35. b3 Nxd2 36. Qxa6 Bxa6 37. Ne7+ Kf7 38. Nxg6 N2f3+ 39. gxf3 Nxc2 40. Nh4 g5
41. Nf5 Nd4 42. Kg2 Be2 43. Rc1 Bxf3+ 44. Kg3 Bxe4 45. Nxd4 cxd4 0-1

[Event "Junior Online 4NCL Division 3"]
[Site "online"]
[Date "2020.11.12"]
[Round "7.122"]
[White "Kriel, Daniel"]
[Black "Thompson, Alex"]
[Result "0-1"]
[WhiteElo "1135"]
[BlackElo "1472"]
[PlyCount "88"]
[EventDate "2020.11.12"]
[WhiteTeam "Brentwood School B"]
[BlackTeam "Surrey Kings 1"]

1. e4 e6 2. Nf3 d5 3. exd5 exd5 4. d4 Nf6 5. Nc3 Bd6 6. Bg5 O-O 7. Bd3 Re8+ 8.
Ne2 Bg4 9. O-O Bxf3 10. gxf3 h6 11. Kg2 hxg5 12. Rg1 Qd7 13. Kh1 Qh3 14. Rg2
Qxf3 15. Nc3 Qxd1+ 16. Rxd1 Nc6 17. Bb5 a6 18. Bd3 Nxd4 19. a3 c5 20. b3 Nf3
21. Na4 b5 22. Nb6 Rab8 23. Nxd5 Nxd5 24. Rg3 Bxg3 25. hxg3 Re1+ 26. Rxe1 Nxe1
27. Be4 Nc3 28. Bg2 Ne2 29. Bf1 Re8 30. Bxe2 Rxe2 31. b4 Nxc2 32. bxc5 Nxa3 33.
c6 Rc2 34. Kg2 Rxc6 35. f4 b4 36. fxg5 g6 37. Kh3 b3 38. Kh4 Rc2 39. Kg4 b2 40.
Kf4 b1=Q 41. Ke5 Qd1 42. Kf4 Re2 43. Kg4 Rf2+ 44. Kh4 Qh5# 0-1

[Event "Junior Online 4NCL Division 3"]
[Site "online"]
[Date "2020.11.12"]
[Round "7.123"]
[White "Flanders, William"]
[Black "Mouratidis, Markos"]
[Result "1/2-1/2"]
[WhiteElo "1111"]
[BlackElo "985"]
[PlyCount "127"]
[EventDate "2020.11.12"]
[WhiteTeam "Surrey Kings 1"]
[BlackTeam "Brentwood School B"]

1. e4 e5 2. Nf3 Nc6 3. Nc3 Bc5 4. Bc4 Nf6 5. Ng5 O-O 6. Nxf7 Rxf7 7. Bxf7+ Kxf7
8. Na4 d6 9. Nxc5 dxc5 10. O-O Bd7 11. h3 Qc8 12. Qf3 Nd4 13. Qd3 Ne6 14. b3 a6
15. Bb2 Bb5 16. c4 Bc6 17. Bxe5 Bxe4 18. Qe3 Bc6 19. Bxf6 gxf6 20. Rae1 Ke7 21.
Qh6 Qg8 22. f3 Rf8 23. Re2 b5 24. cxb5 Bxb5 25. Rxe6+ Kxe6 26. Re1+ Kf7 27. a4
Bc6 28. Qh5+ Qg6 29. Qxg6+ Kxg6 30. Re6 Bd5 31. Rxa6 Bxb3 32. Ra7 Rd8 33. Rxc7
Bxa4 34. Rxc5 Rxd2 35. Rc4 h5 36. Rxa4 Rd5 37. Ra8 Kf5 38. Rh8 Kf4 39. Rg8 Rg5
40. Rxg5 fxg5 41. Kh2 h4 42. Kh1 Kg3 43. Kg1 Kf4 44. Kf2 Kf5 45. g3 hxg3+ 46.
Kxg3 Kg6 47. f4 gxf4+ 48. Kxf4 Kh5 49. Kg3 Kg5 50. h4+ Kh5 51. Kh3 Kg6 52. Kg4
Kh6 53. h5 Kg7 54. Kg5 Kh7 55. h6 Kg8 56. Kg6 Kh8 57. Kh5 Kh7 58. Kg5 Kg8 59.
Kg6 Kh8 60. Kg5 Kh7 61. Kh5 Kg8 62. Kg5 Kh7 63. Kh5 Kg8 64. Kg6 1/2-1/2

[Event "Junior Online 4NCL Division 3"]
[Site "online"]
[Date "2020.11.12"]
[Round "7.124"]
[White "Cheema, Dilsher"]
[Black "Gardner, Oliver"]
[Result "1-0"]
[WhiteElo "970"]
[BlackElo "1075"]
[PlyCount "43"]
[EventDate "2020.11.12"]
[WhiteTeam "Brentwood School B"]
[BlackTeam "Surrey Kings 1"]

1. e4 e5 2. Nf3 Nf6 3. Nxe5 Nxe4 4. Qf3 Ng5 5. Qe3 b6 6. Nf3+ Be7 7. Nc3 O-O 8.
d3 Bc5 9. Qxg5 f6 10. Qd2 Qe8+ 11. Be2 g5 12. O-O f5 13. Qxg5+ Kh8 14. Qd2 d5
15. Re1 d4 16. Nxd4 Bxd4 17. Bf3 Bxc3 18. Rxe8 Rxe8 19. Qxc3+ Kg8 20. Bxa8 Be6
21. Bh6 Nc6 22. Qg7# 1-0

[Event "Junior Online 4NCL Division 3"]
[Site "online"]
[Date "2020.11.12"]
[Round "7.125"]
[White "Omoruyi, Jaden"]
[Black "Tang, Brian"]
[Result "0-1"]
[WhiteElo "1315"]
[BlackElo "1577"]
[PlyCount "66"]
[EventDate "2020.11.12"]
[WhiteTeam "Brentwood School B"]
[BlackTeam "Surrey Kings 1"]

1. d4 d5 2. c4 c6 3. Nf3 Nf6 4. e3 Bg4 5. Nbd2 e6 6. c5 b6 7. b4 Be7 8. Be2 a5
9. bxa5 bxc5 10. dxc5 Bxc5 11. Nb3 Bb4+ 12. Bd2 Bxd2+ 13. Qxd2 O-O 14. O-O Ne4
15. Qd4 Nd7 16. Bd3 Bxf3 17. gxf3 e5 18. Qa4 Ng5 19. f4 exf4 20. exf4 Nh3+ 21.
Kh1 Qf6 22. Qd4 Nxf4 23. Qxf6 Nxf6 24. Bc2 Rfe8 25. Rfe1 Re6 26. Rxe6 fxe6 27.
Nd4 Rxa5 28. Nxc6 Rc5 29. Ne7+ Kf7 30. Bb3 Kxe7 31. a4 Ra5 32. Rc1 Kd6 33. Kg1
Ne2+ 0-1

[Event "Junior Online 4NCL Division 3"]
[Site "online"]
[Date "2020.11.12"]
[Round "7.126"]
[White "Thompson, Alex"]
[Black "Kriel, Daniel"]
[Result "1-0"]
[WhiteElo "1472"]
[BlackElo "1135"]
[PlyCount "49"]
[EventDate "2020.11.12"]
[WhiteTeam "Surrey Kings 1"]
[BlackTeam "Brentwood School B"]

1. d4 d5 2. c4 dxc4 3. e3 Nc6 4. Bxc4 e6 5. Nf3 Nf6 6. Nc3 Bb4 7. O-O Bxc3 8.
bxc3 b6 9. Qc2 Bb7 10. e4 Qe7 11. a4 O-O-O 12. Ba3 Na5 13. Bxe7 Bxe4 14. Ba6+
Nb7 15. Bxb7+ Kxb7 16. Qe2 Bxf3 17. Qxf3+ Rd5 18. Bxf6 gxf6 19. c4 Kc6 20.
cxd5+ exd5 21. Rfc1+ Kb7 22. Qxd5+ c6 23. Qxc6+ Ka6 24. a5 Re8 25. axb6# 1-0

[Event "Junior Online 4NCL Division 3"]
[Site "online"]
[Date "2020.11.12"]
[Round "7.127"]
[White "Mouratidis, Markos"]
[Black "Flanders, William"]
[Result "1-0"]
[WhiteElo "985"]
[BlackElo "1111"]
[PlyCount "105"]
[EventDate "2020.11.12"]
[WhiteTeam "Brentwood School B"]
[BlackTeam "Surrey Kings 1"]

1. e4 e5 2. Nf3 Nc6 3. Bc4 Nf6 4. Ng5 d5 5. exd5 Nxd5 6. Nxf7 Kxf7 7. Qf3+ Ke8
8. Qxd5 Qxd5 9. Bxd5 Bc5 10. Bxc6+ bxc6 11. O-O Ba6 12. d3 Rf8 13. Be3 Be7 14.
Nc3 Rd8 15. Rae1 Bb4 16. Bxa7 Bxc3 17. bxc3 Ra8 18. Rxe5+ Kf7 19. Rf5+ Kg8 20.
Rxf8+ Kxf8 21. Bc5+ Kg8 22. Re1 h6 23. Re7 Rf8 24. Rxc7 Bc8 25. Bxf8 Kxf8 26.
Rxc8+ Ke7 27. Rxc6 g5 28. Rxh6 Kf7 29. Rh5 Kf6 30. Rxg5 Kxg5 31. a4 Kf6 32. a5
Ke7 33. a6 Kd7 34. a7 Kd6 35. a8=Q Kc5 36. Qa4 Kd5 37. Qb4 Ke5 38. Qc4 Kd6 39.
Qb5 Ke6 40. Qc5 Kf6 41. Qd5 Ke7 42. Qc6 Kf7 43. Qd6 Kg7 44. Qe6 Kh7 45. Qf6 Kg8
46. Qe7 Kh8 47. Kf1 Kg8 48. Ke2 Kh8 49. Kf3 Kg8 50. Kg4 Kh8 51. Kg5 Kg8 52. Kg6
Kh8 53. Qg7# 1-0

[Event "Junior Online 4NCL Division 3"]
[Site "online"]
[Date "2020.11.12"]
[Round "7.128"]
[White "Gardner, Oliver"]
[Black "Cheema, Dilsher"]
[Result "0-1"]
[WhiteElo "1075"]
[BlackElo "970"]
[PlyCount "66"]
[EventDate "2020.11.12"]
[WhiteTeam "Surrey Kings 1"]
[BlackTeam "Brentwood School B"]

1. e4 e5 2. Nf3 Nc6 3. Bc4 Nf6 4. d4 Bb4+ 5. c3 Bd6 6. d5 Ne7 7. O-O c6 8. dxc6
bxc6 9. Qb3 Qb6 10. Bxf7+ Kf8 11. Nxe5 Bxe5 12. Rd1 Qxb3 13. Bxb3 Nxe4 14. Rd3
Ke8 15. Rf3 Rf8 16. Bf7+ Rxf7 17. Rd3 Rxf2 18. Bg5 Ba6 19. Rd1 Be2 20. Re1 d6
21. Nd2 Bxh2+ 22. Kxh2 Nxg5 23. Rac1 Kd7 24. Rc2 Ba6 25. c4 Raf8 26. b4 Bb7 27.
b5 cxb5 28. cxb5 Rxg2+ 29. Kh1 Rxd2+ 30. Kg1 Rxc2 31. a4 Rff2 32. a5 Rg2+ 33.
Kf1 Rcf2# 0-1

[Event "Junior Online 4NCL Division 3"]
[Site "online"]
[Date "2020.11.12"]
[Round "7.131"]
[White "Lyons, Joseph"]
[Black "Lee, Damin"]
[Result "1-0"]
[WhiteElo "1367"]
[BlackElo "1150"]
[PlyCount "125"]
[EventDate "2020.11.12"]
[WhiteTeam "May The Fork Be With You 3"]
[BlackTeam "Surrey Kings 2"]

1. e4 e5 2. Nf3 Nc6 3. Bb5 d6 4. d3 Nf6 5. Bg5 Be7 6. O-O O-O 7. Bxc6 bxc6 8.
d4 Nxe4 9. Bxe7 Qxe7 10. dxe5 dxe5 11. Re1 Bf5 12. Nbd2 f6 13. Nxe4 Bxe4 14.
Rxe4 Rfd8 15. Qe1 Qc5 16. Qc3 Qd5 17. Qc4 Kf8 18. Qxd5 cxd5 19. Ree1 Rab8 20.
b3 c6 21. Rad1 e4 22. Nd4 Rb6 23. Ne6+ Ke8 24. Nxd8 Kxd8 25. c4 Ke7 26. cxd5
cxd5 27. Rxd5 Rc6 28. Rxe4+ Kf7 29. Re1 Rc2 30. Rd7+ Kg6 31. Rxa7 h6 32. h4 h5
33. f3 Kf5 34. Ra5+ Kg6 35. g4 hxg4 36. fxg4 f5 37. h5+ Kg5 38. Rxf5+ Kxg4 39.
Ra5 Kg3 40. Rg5+ Kh4 41. Rxg7 Kxh5 42. Re5+ Kh4 43. Re8 Rc1+ 44. Kf2 Rc2+ 45.
Ke3 Rc5 46. Rh8+ Rh5 47. Rxh5+ Kxh5 48. b4 Kh6 49. Rg4 Kh5 50. Kf4 Kh6 51. Rg5
Kh7 52. Kf5 Kh6 53. Kf6 Kh7 54. Rg6 Kh8 55. Kf7 Kh7 56. Rg5 Kh6 57. Kf6 Kh7 58.
b5 Kh8 59. b6 Kh7 60. b7 Kh6 61. b8=Q Kh7 62. Qg8+ Kh6 63. Qg7# 1-0

[Event "Junior Online 4NCL Division 3"]
[Site "online"]
[Date "2020.11.12"]
[Round "7.132"]
[White "Josse, Ben"]
[Black "Gill, Veer"]
[Result "1-0"]
[WhiteElo "1000"]
[BlackElo "1352"]
[PlyCount "137"]
[EventDate "2020.11.12"]
[WhiteTeam "Surrey Kings 2"]
[BlackTeam "May The Fork Be With You 3"]

1. e4 e6 2. d4 d5 3. Bd2 dxe4 4. c3 c5 5. f3 cxd4 6. cxd4 Qxd4 7. Nc3 Bc5 8.
Qe2 e3 9. Bc1 Bb4 10. Qd3 Bxc3+ 11. bxc3 Qxd3 12. Bxd3 Nf6 13. Bxe3 Nd5 14. Bd2
Nc6 15. Ne2 Ne5 16. Be4 Nc4 17. O-O-O Nxd2 18. Rxd2 Nf6 19. Rhd1 O-O 20. Ng3
Nxe4 21. Nxe4 f5 22. Nc5 b6 23. Nb3 Ba6 24. Rd7 Bc4 25. Kb2 Bxb3 26. axb3 Rf7
27. f4 Rxd7 28. Rxd7 g6 29. c4 h5 30. h4 Kf8 31. Kc3 Ke8 32. Rh7 Rd8 33. Rxa7
Rd1 34. Rg7 Rh1 35. g3 Rh3 36. Rxg6 Kf7 37. Rg5 Kf6 38. Kd4 Rh1 39. Rxh5 Rd1+
40. Kc3 Rc1+ 41. Kb4 Rg1 42. Rg5 Rh1 43. Kb5 Rb1 44. b4 Rb3 45. h5 Rb1 46. h6
Rh1 47. Kxb6 Rxh6 48. c5 Rh8 49. c6 Rb8+ 50. Kc5 Rd8 51. c7 Rc8 52. Kc6 Ke7 53.
b5 Kf6 54. b6 e5 55. b7 Re8 56. b8=Q Re6+ 57. Kd5 exf4 58. Qf8+ Kxg5 59. gxf4+
Kxf4 60. Kxe6 Ke4 61. Qxf5+ Kd4 62. c8=Q Ke3 63. Qe5+ Kd3 64. Qd7+ Kc4 65.
Qed5+ Kb4 66. Q7b7+ Kc3 67. Qbc6+ Kb4 68. Qdb5+ Ka3 69. Qca6# 1-0

[Event "Junior Online 4NCL Division 3"]
[Site "online"]
[Date "2020.11.12"]
[Round "7.133"]
[White "Milani-Foglia, Aurelio"]
[Black "Salguero, Santiago"]
[Result "1/2-1/2"]
[WhiteElo "1352"]
[BlackElo "1000"]
[PlyCount "140"]
[EventDate "2020.11.12"]
[WhiteTeam "May The Fork Be With You 3"]
[BlackTeam "Surrey Kings 2"]

1. e4 e5 2. Nf3 Nf6 3. Bc4 Bc5 4. d3 d5 5. Bb3 dxe4 6. dxe4 Nxe4 7. Qxd8+ Kxd8
8. O-O Bxf2+ 9. Rxf2 Nxf2 10. Kxf2 Nc6 11. Bxf7 e4 12. Bg5+ Ne7 13. Ne5 h6 14.
Bf4 g5 15. Be3 Nf5 16. Bd4 Nxd4 17. Nc3 Nxc2 18. Rd1+ Ke7 19. Nd5+ Kd8 20. Nf6+
Ke7 21. Nd5+ Kd6 22. Nc4+ Kd7 23. Ndb6+ Ke7 24. Nxc8+ Raxc8 25. Ne5 Kf8 26. Rd7
Rh7 27. Ng6+ Kg7 28. Be8+ Kg8 29. Bf7+ Rxf7+ 30. Rxf7 Kxf7 31. Ne5+ Ke8 32. Ng4
Ke7 33. Nxh6 Rf8+ 34. Ke2 Rf7 35. Nxf7 Kxf7 36. Kd2 Nd4 37. Ke3 Ne6 38. Kxe4 a5
39. Kf5 b6 40. a4 b5 41. axb5 c5 42. bxc6 a4 43. Ke5 Ke7 44. Kd5 Nc7+ 45. Ke5
g4 46. h3 gxh3 47. gxh3 Kf7 48. Kf5 Nb5 49. h4 Na7 50. c7 Ke7 51. h5 Kf7 52.
Kg5 Kg7 53. Kf5 Kh6 54. Ke5 Kxh5 55. Kd5 Kg6 56. Kc5 Kf7 57. Kb6 Nc8+ 58. Kb7
Ne7 59. Kb6 Ke6 60. Kb5 Kd5 61. Kxa4 Kc4 62. b4 Kd5 63. Kb5 Kd6 64. Kb6 Nc8+
65. Kb7 Kd7 66. b5 Ne7 67. b6 Nc8 68. Ka6 Kc6 69. b7 Kxc7 70. bxc8=Q+ Kxc8
1/2-1/2

[Event "Junior Online 4NCL Division 3"]
[Site "online"]
[Date "2020.11.12"]
[Round "7.134"]
[White "Pradhan, Ayan"]
[Black "Barringer-Allen, William B"]
[Result "0-1"]
[WhiteElo "1000"]
[BlackElo "1285"]
[PlyCount "110"]
[EventDate "2020.11.12"]
[WhiteTeam "Surrey Kings 2"]
[BlackTeam "May The Fork Be With You 3"]

1. e4 e5 2. Nf3 Nc6 3. Bc4 Be7 4. O-O Nf6 5. Re1 d6 6. d4 exd4 7. Nxd4 Nxd4 8.
Qxd4 O-O 9. Nc3 c5 10. Qe3 Bd7 11. Qg3 Kh8 12. Nd5 Nxd5 13. Bxd5 Bc6 14. Bd2
Bxd5 15. exd5 Bh4 16. Qg4 Bf6 17. c3 Qb6 18. b3 Kg8 19. Rab1 Qa6 20. a4 Qd3 21.
Rbd1 Rfe8 22. Bg5 Qxc3 23. Rxe8+ Rxe8 24. h3 Bxg5 25. Qxg5 Qxb3 26. Rc1 h6 27.
Qf5 Qxa4 28. Rb1 b6 29. Qg4 Qxg4 30. hxg4 Re5 31. Rd1 f6 32. f4 Re4 33. g3 a5
34. Rb1 Rb4 35. Ra1 g5 36. fxg5 hxg5 37. Kg2 Kf7 38. Kf3 Kg6 39. Ra3 f5 40.
gxf5+ Kxf5 41. Rd3 a4 42. Ra3 Rb3+ 43. Rxb3 axb3 44. Ke2 b2 45. Kd2 b1=Q 46.
Ke2 Qb3 47. Kf2 Ke4 48. Kg2 c4 49. Kf2 c3 50. Ke2 c2 51. Kd2 b5 52. g4 Qd3+ 53.
Kc1 Qd1+ 54. Kb2 c1=Q+ 55. Ka2 Qa4# 0-1

[Event "Junior Online 4NCL Division 3"]
[Site "online"]
[Date "2020.11.12"]
[Round "7.135"]
[White "Lee, Damin"]
[Black "Lyons, Joseph"]
[Result "0-1"]
[WhiteElo "1150"]
[BlackElo "1367"]
[PlyCount "74"]
[EventDate "2020.11.12"]
[WhiteTeam "Surrey Kings 2"]
[BlackTeam "May The Fork Be With You 3"]

1. e4 e5 2. Nf3 Nc6 3. Bc4 Be7 4. O-O Nf6 5. d3 O-O 6. Nc3 h6 7. h3 d6 8. Be3
Bd7 9. Qd2 a6 10. a3 b5 11. Bd5 Rb8 12. b4 a5 13. Rab1 axb4 14. axb4 Be6 15.
Bxc6 Bd7 16. Bxd7 Qxd7 17. Nh4 d5 18. Nf5 Bxb4 19. Rxb4 d4 20. Bxh6 dxc3 21.
Qg5 Nh5 22. Qxh5 gxh6 23. Nxh6+ Kg7 24. Qg5+ Kh8 25. Nf5 f6 26. Qxf6+ Rxf6 27.
g4 c5 28. Rbb1 Rb7 29. h4 c4 30. g5 Rg6 31. Kh2 cxd3 32. cxd3 Qh7 33. Kh3 Rxg5
34. Rg1 Rxg1 35. Rxg1 b4 36. Nd6 Qd7+ 37. Kh2 Qxd6 0-1

[Event "Junior Online 4NCL Division 3"]
[Site "online"]
[Date "2020.11.12"]
[Round "7.136"]
[White "Gill, Veer"]
[Black "Josse, Ben"]
[Result "0-1"]
[WhiteElo "1352"]
[BlackElo "1000"]
[PlyCount "122"]
[EventDate "2020.11.12"]
[WhiteTeam "May The Fork Be With You 3"]
[BlackTeam "Surrey Kings 2"]

1. e4 c5 2. c3 d6 3. d4 Nd7 4. Nf3 e6 5. Nbd2 Be7 6. Be2 Ngf6 7. O-O O-O 8. h3
b6 9. e5 dxe5 10. Nxe5 Bb7 11. Bf3 Qc7 12. Nxd7 Qxd7 13. Bxb7 Qxb7 14. Qf3 Qc7
15. Ne4 cxd4 16. cxd4 Rfd8 17. Nxf6+ Bxf6 18. Bf4 Qd7 19. Be5 Qe7 20. Bxf6 Qxf6
21. Qxf6 gxf6 22. Rfd1 Rd7 23. Rac1 Rad8 24. Rc4 e5 25. d5 Rxd5 26. Rxd5 Rxd5
27. Rc7 Ra5 28. a3 Kg7 29. Kh2 Kg6 30. Kg3 f5 31. Kh4 Ra4+ 32. Kg3 f6 33. Rc8
Rd4 34. Ra8 a5 35. Rb8 Rd3+ 36. Kh2 Rb3 37. Rg8+ Kf7 38. Rh8 Kg7 39. Rc8 Rxb2
40. Rc7+ Kg6 41. Kg3 Rb3+ 42. Kh4 Rxa3 43. g4 fxg4 44. Kxg4 Ra4+ 45. Kg3 Rb4
46. Rb7 a4 47. Ra7 b5 48. Kf3 Rb3+ 49. Kg2 a3 50. h4 b4 51. h5+ Kxh5 52. Rxh7+
Kg5 53. Rh1 a2 54. Ra1 Ra3 55. f3 b3 56. f4+ exf4 57. Rh1 a1=Q 58. Rh5+ Kxh5
59. Kf2 b2 60. Ke2 b1=Q 61. Kd2 Qaa2# 0-1

[Event "Junior Online 4NCL Division 3"]
[Site "online"]
[Date "2020.11.12"]
[Round "7.137"]
[White "Salguero, Santiago"]
[Black "Milani-Foglia, Aurelio"]
[Result "0-1"]
[WhiteElo "1000"]
[BlackElo "1352"]
[PlyCount "80"]
[EventDate "2020.11.12"]
[WhiteTeam "Surrey Kings 2"]
[BlackTeam "May The Fork Be With You 3"]

1. e4 e6 2. d4 d5 3. e5 c5 4. dxc5 Bxc5 5. Nc3 Nc6 6. Nf3 f6 7. Bf4 Qc7 8. exf6
e5 9. fxg7 Qxg7 10. Qe2 Nge7 11. Nxe5 Nxe5 12. Bxe5 Qf8 13. Bxh8 Qxh8 14. Nxd5
Qg8 15. b4 Bxb4+ 16. Nxb4 Bf5 17. Rd1 Rd8 18. Qe3 Rxd1+ 19. Kxd1 Kf8 20. g4
Qxg4+ 21. Be2 Qxb4 22. c3 Qa5 23. Rg1 Qa4+ 24. Ke1 Qc2 25. Bd1 Qxa2 26. Qh6+
Ke8 27. Bh5+ Kd7 28. Rg7 Qb1+ 29. Ke2 Qc2+ 30. Kf3 Qxc3+ 31. Kg2 Be4+ 32. f3
Qc2+ 33. Kh3 Bf5+ 34. Kh4 Qf2+ 35. Kg5 Qe3+ 36. Kh4 Qxh6 37. Rg8 Qf4+ 38. Bg4
Nxg8 39. h3 h6 40. Kh5 Qg5# 0-1

[Event "Junior Online 4NCL Division 3"]
[Site "online"]
[Date "2020.11.12"]
[Round "7.138"]
[White "Barringer-Allen, William B"]
[Black "Pradhan, Ayan"]
[Result "1-0"]
[WhiteElo "1285"]
[BlackElo "1000"]
[PlyCount "63"]
[EventDate "2020.11.12"]
[WhiteTeam "May The Fork Be With You 3"]
[BlackTeam "Surrey Kings 2"]

1. d4 d5 2. Nc3 c6 3. Bg5 h6 4. Bh4 Qd6 5. Bg3 Qd8 6. Nf3 e6 7. e3 Nf6 8. Be5
Nbd7 9. Bg3 g6 10. Ne5 Bg7 11. Nxd7 Nxd7 12. Bd3 b6 13. Qf3 O-O 14. O-O-O Bb7
15. Bf4 e5 16. dxe5 Nxe5 17. Bxe5 Bxe5 18. Qh3 Bg7 19. Be2 Qc7 20. Qg3 Be5 21.
f4 Bg7 22. h4 h5 23. e4 Bh6 24. Rhf1 dxe4 25. Nxe4 Kg7 26. Qc3+ f6 27. Kb1 Bxf4
28. Rxf4 Qxf4 29. Rd7+ Kh6 30. g4 Qxe4 31. g5+ fxg5 32. Qg7# 1-0

[Event "Junior Online 4NCL Division 3"]
[Site "online"]
[Date "2020.11.12"]
[Round "7.141"]
[White "Norton, Laurence"]
[Black "Jayawarna, Thisumi"]
[Result "0-1"]
[WhiteElo "1000"]
[BlackElo "1637"]
[PlyCount "70"]
[EventDate "2020.11.12"]
[WhiteTeam "Leicestershire Juniors 4"]
[BlackTeam "Manchester Juniors B"]

1. e4 d5 2. exd5 Qxd5 3. Nc3 Qa5 4. Nf3 Nf6 5. Bb5+ c6 6. Bc4 Bg4 7. d3 e6 8.
O-O Nbd7 9. Bf4 g5 10. Be3 h6 11. h3 Bh5 12. g4 Bg6 13. Qd2 Qc7 14. Bd4 Bd6 15.
Rfe1 Bf4 16. Qe2 Qd6 17. Ne4 Bxe4 18. dxe4 e5 19. Be3 Qe7 20. Bxf4 gxf4 21. c3
O-O-O 22. Qc2 Nc5 23. b4 Ncxe4 24. Rxe4 Nxe4 25. Qxe4 f6 26. Qf5+ Kb8 27. Qg6
Rd6 28. h4 Qd7 29. Be2 Qd8 30. c4 Rg8 31. Qxh6 Rxg4+ 32. Kh2 f5 33. Nxe5 Rxh6
34. Bxg4 Qxh4+ 35. Kg1 Qh1# 0-1

[Event "Junior Online 4NCL Division 3"]
[Site "online"]
[Date "2020.11.12"]
[Round "7.142"]
[White "Eccleston, Bryony"]
[Black "Morris, Conor"]
[Result "1-0"]
[WhiteElo "1397"]
[BlackElo "992"]
[PlyCount "59"]
[EventDate "2020.11.12"]
[WhiteTeam "Manchester Juniors B"]
[BlackTeam "Leicestershire Juniors 4"]

1. d4 d5 2. Bf4 Bf5 3. e3 e6 4. Nf3 Nf6 5. Bd3 Bd6 6. Bxd6 cxd6 7. Bxf5 exf5 8.
O-O O-O 9. Qd3 Qd7 10. Qb3 Ne4 11. Qxd5 Nf6 12. Qb3 Nc6 13. Nbd2 Na5 14. Qd3
Qc7 15. Qxf5 g6 16. Qxf6 Qxc2 17. Qxd6 Qxb2 18. Qd5 Rad8 19. Qxa5 b6 20. Qxa7
Ra8 21. Qc7 Rac8 22. Qd6 Rcd8 23. Qg3 b5 24. Rab1 Qxa2 25. Rxb5 Rfe8 26. Rb7
Qa6 27. Rfb1 Ra8 28. Qf4 Re6 29. Qxf7+ Kh8 30. Qxh7# 1-0